000 00592nam a2200193Ia 4500
005 20250619170540.0
008 008 250516s9999 xx 000 0 eng d
020 _a978938316640
040 _beng
_cSDCL
041 _aeng
_2eng
084 _aX:8:(D6,8(B)) R5
100 _aRay, Amit Shovon
_9310217
245 0 _aDemystifying the economics of technology :
_bPerspectives on development with reflections from india
260 _aNew Delhi :
_bSocial Science Press,
_c2025.
300 _axiv, 209p.
490 _aCreative lies and works
650 _aEconomics
942 _cTEXL
_2CC
999 _c1430411
_d1430411